| 000 | 00922cam a2200301 i 4500 | ||
|---|---|---|---|
| 001 | 16311881 | ||
| 003 | EG-ScBUE | ||
| 005 | 20241027091141.0 | ||
| 008 | 100701s2011 flu f 001 0 eng d | ||
| 020 | _a1439828628 | ||
| 020 | _a9781439828625 | ||
| 040 |
_aEG-ScBUE _beng _erda _cEG-ScBUE _dEG-ScBUE |
||
| 082 | 0 | 4 |
_a518.0285 _222 _bDAV |
| 100 | 1 |
_aDavis, Timothy A., _eauthor. _934239 |
|
| 245 | 1 | 0 |
_aMATLAB primer / _cTimothy A. Davis, University of Florida, USA. |
| 250 | _aEighth edition. | ||
| 264 | 1 |
_aBoca Raton, FL : _bCRC Press, _c2011. |
|
| 300 |
_axvi, 232 pages ; _c17 cm |
||
| 336 |
_2rdacontent _atext _btxt |
||
| 337 |
_aunmediated _2rdamedia _bn |
||
| 338 |
_avolume _bnc _2rdacarrier |
||
| 500 | _aIncludes index. | ||
| 630 | 0 | 7 |
_aMATLAB. _2BUEsh _934240 |
| 650 | 7 |
_aNumerical analysis _xData processing. _2BUEsh _934241 |
|
| 653 | _cOctober2013 | ||
| 655 |
_vReading book _934232 |
||
| 942 |
_2ddc _cBB |
||
| 999 |
_c17689 _d17661 |
||